000 00610nam a2200241Ia 4500
003 OSt
005 20221005085938.0
006 a|||||r|||| 00| 0
007 ta
008 221004b |||||||| |||| 00| 0 eng d
024 _a36200
037 _cTextual
040 _aCRL
_cCRL
_beng
041 _2eng
_aeng
082 _aN91z7, J7
100 _aMatthews Brander
_979097
245 0 _aPapers on play making
260 _aNew York
_bHill And Wang USA
_c1957
300 _a312p
_ccm.
650 _aARTS
942 _hN91z7, J7
_cTEXL
_2cc
999 _c995050
_d995050